000 03245nam a2200397 a 4500
001 48644
003 BD-RjUL
005 20211209054547.0
008 160814b2008 bg ||||| |||| 00| 0 ben d
020 _a9847010501285(Vol.1)
_c: Tk.600.00
020 _a9847010500493 (Vol.7)
_c: Tk.450.00
020 _a9844126134(Vol.6)
_c: Tk.700.00
020 _a9847010500516
_c: Tk.650.00
020 _a9846060106 (Vol.3)
_c: Tk.700.00
020 _a9844126096
_c: Tk.400.00
020 _a9847010500509 (Vol.8)
_c: Tk.500.00
020 _a9847010502527 (v-10)
_c: TK 600.00
020 _a9844126290 (v-5)
_c: TK 500.00
020 _a9847010500516 (v-9)
_c Tk. : 650.00
035 _a(BD-RjUL)48763
040 _aBD-RjUL
_bben
_cBD-RjUL
_dBD-RjUL
041 _aben
082 _223
_a954.9205
_bGON 2008-2010
245 0 1 _aগণমাধ্যমে বাংলাদেশের মুক্তিযুদ্ধ = Media and the liberation war of Bangladesh /
_cসংকলন ও সম্পাদনা রিয়াজ আহমেদ, হাসিনা আহমেদ, মুনতাসীর মামুন এবং আহমেদ মাহফুজুল হক
250 _aঅনন্য প্রথম সংস্করণ.
260 _aঢাকা :
_bঅনন্যা,
_c২০০৮-২০১০
300 _aখন্ড. :
_bচিত্র ;
_c১২-২৫ সেমি.
505 0 _aখণ্ড ১.কার্টুন -- খণ্ড ৩.[মুজিবনগর,মুক্তাঞ্চল ও অবরুদ্ধ বাংলাদেশ থেকে প্রকাশিত পত্রপত্রিকা] --খণ্ড ৪.[মুজিবনগর,মুক্তাঞ্চল ও অবরুদ্ধ বাংলাদেশ থেকে প্রকাশিত পত্রপত্রিকা] --খণ্ড ৫.[মুজিবনগর,মুক্তাঞ্চল ও অবরুদ্ধ বাংলাদেশ থেকে প্রকাশিত পত্রপত্রিকা] --খণ্ড ৬.[দৈনিক আনন্দবাজার পত্রিকা থেকে সংকলন] --খন্ড ৭.[দৈনিক আনন্দবাজার পত্রিকা থেকে সংকলন] --খণ্ড ৮.[দৈনিক আনন্দবাজার পত্রিকা থেকে সংকলন] --খণ্ড ৯.[মুজিবনগর,মুক্তাঞ্চল ও অবরুদ্ধ বাংলাদেশ থেকে প্রকাশিত পত্রপত্রিকা] -- খণ্ড ১০ --
650 _aমুক্তিযুদ্ধ
_zবাংলাদেশ
_9135304
650 _aLiberation War
_zBangladesh
_9135305
700 _aআহমেদ, রিয়াজ সংকলন ও সম্পাদনা
_9146885
700 _aআহমেদ, হাসিনা সংকলন ও সম্পাদনা
_9146912
700 _aমামুন, মুনতাসীর সংকলন ও সম্পাদনা
_9146913
700 _aহক, আহমেদ মাহফুজুল সংকলন ও সম্পাদনা
_9146914
942 _2ddc
_cBK
999 _c48644
_d48644